书目信息 |
| 题名: |
地质灾害理论与控制
|
|
| 作者: | 陈洪凯 编著 | |
| 分册: | ||
| 出版信息: | 北京 科学出版社 2011.08 |
|
| 页数: | 227页 | |
| 开本: | 24cm | |
| 丛书名: | ||
| 单 册: | ||
| 中图分类: | P694 | |
| 科图分类: | ||
| 主题词: | 地质--自然灾害--理论--高等学校--教材 , 地质--自然灾害--灾害防治--高等学校--教材 , 地质 , 自然灾害 , 灾害防治 | |
| 电子资源: | ||
| ISBN: | 978-7-03-032105-3 | |
| 000 | 01071nam0 2200301 450 | |
| 001 | 0120141232130 | |
| 005 | 20140610104333.78 | |
| 010 | @a978-7-03-032105-3@dCNY39.00 | |
| 100 | @a20140213e20142011em y0chiy0110 ea | |
| 101 | 0 | @achi |
| 102 | @aCN@b110000 | |
| 105 | @aak z 000yy | |
| 106 | @ar | |
| 200 | 1 | @a地质灾害理论与控制@9di zhi zai hai li lun yu kong zhi@f陈洪凯[等]编著 |
| 210 | @a北京@c科学出版社@d2011.08@h2014.01重印 | |
| 215 | @a227页@c图@d24cm | |
| 300 | @a21世纪高等院校教材 | |
| 330 | @a本书基于西部地区典型地质灾害研究与实践,论述了危岩崩塌、滑坡、泥石流、塌岸的工程计算及治理技术,分析了滑坡及危岩崩塌的监测预报方法。涉及危岩稳定性与落石运动、危岩崩塌防治工程、滑坡稳定性分析与防治技术等内容。 | |
| 333 | @a地质灾害相关研究人员 | |
| 606 | 0 | @a地质@x自然灾害@x理论@x高等学校@j教材 |
| 606 | 0 | @a地质@x自然灾害@x灾害防治@x高等学校@j教材 |
| 606 | 0 | @a地质 |
| 606 | 0 | @a自然灾害 |
| 606 | 0 | @a灾害防治 |
| 690 | @aP694@v5 | |
| 701 | 0 | @a陈洪凯@9chen hong kai@4编著 |
| 801 | 0 | @aCN@b人天书店@c20140213 |
| 905 | @b846152-55@dP694@e51@f4 | |
| 地质灾害理论与控制/陈洪凯[等]编著.-北京:科学出版社,2011.08(2014.01重印) |
| 227页:图;24cm |
| 21世纪高等院校教材.-使用对象:地质灾害相关研究人员 |
| ISBN 978-7-03-032105-3:CNY39.00 |
| 本书基于西部地区典型地质灾害研究与实践,论述了危岩崩塌、滑坡、泥石流、塌岸的工程计算及治理技术,分析了滑坡及危岩崩塌的监测预报方法。涉及危岩稳定性与落石运动、危岩崩塌防治工程、滑坡稳定性分析与防治技术等内容。 |
| ● |
| 相关链接 |
|
|
|
|
正题名:地质灾害理论与控制
索取号:P694/51
 
预约/预借
| 序号 | 登录号 | 条形码 | 馆藏地/架位号 | 状态 | 备注 |
| 1 | 846152 | 208461528 | 第二样本阅览室/ [索取号:P694/51] | 在馆 | |
| 2 | 846153 | 208461537 | 第三借阅区/ [索取号:P694/51] | 在馆 | |
| 3 | 846154 | 208461546 | 第三借阅区/ [索取号:P694/51] | 在馆 | |
| 4 | 846155 | 208461555 | 密集书库-资源管理系/ [索取号:P694/51] | 在馆 |